[Event "Mittelrhein Verbandsliga-S 18/19"]
[Site "Nordrheinwestfalen"]
[Date "2019.02.10"]
[Round "7.7"]
[White "Krug, Wolfgang"]
[Black "Tonnicchi, Claudio"]
[Result "0-1"]
[WhiteElo "1660"]
[BlackElo "2023"]
[PlyCount "58"]
[EventDate "2018.09.02"]
[EventType "team-tourn"]
[EventRounds "11"]
[EventCountry "GER"]
[SourceTitle "EXT 2022"]
[Source "ChessBase"]
[SourceDate "2021.10.06"]
[SourceVersion "1"]
[SourceVersionDate "2021.10.06"]
[SourceQuality "1"]
[WhiteTeam "Bergische SF II"]
[BlackTeam "Bruehl II"]
[WhiteTeamCountry "GER"]
[BlackTeamCountry "GER"]

1. c4 e5 2. Nc3 Nc6 3. d3 d6 4. Nf3 f5 5. Bg5 Qd7 6. Nd5 Nce7 7. Nxe7 Nxe7 8. g3 h6 9. Bxe7 Bxe7 10. h4 0-0 11. Bh3 c5 12. e4 Qc6 13. Nd2 Bd8 14. 0-0 f4 15. Bxc8 Qxc8 16. Kh2 Qe6 17. Rg1 Be7 18. Qe2 Rf7 19. Raf1 Raf8 20. f3 fxg3+ 21. Kxg3 Rf4 22. Rh1 Qg6+ 23. Kf2 Bxh4+ 24. Ke3 Qg5 25. Qh2 Rxf3+ 26. Ke2 Qe3+ 27. Kd1 Rf2 28. Rxf2 Rxf2 29. Nf1 Qxd3+ 0-1

[Event "Mittelrhein Verbandsliga-O 16/17"]
[Site "Nordrheinwestfalen"]
[Date "2016.10.23"]
[Round "3"]
[White "Bertram, Thomas Sebastian"]
[Black "Krug, Wolfgang"]
[Result "1/2-1/2"]
[WhiteElo "1768"]
[BlackElo "1642"]
[PlyCount "53"]
[EventDate "2016.09.11"]
[EventType "team-tourn"]
[EventRounds "11"]
[EventCountry "GER"]
[SourceTitle "EXT 2022"]
[Source "ChessBase"]
[SourceDate "2021.10.06"]
[SourceVersion "1"]
[SourceVersionDate "2021.10.06"]
[SourceQuality "1"]
[WhiteTeam "Rheinbacher SF"]
[BlackTeam "Bergische SF II"]
[WhiteTeamCountry "GER"]
[BlackTeamCountry "GER"]

1. d4 Nf6 2. c4 e6 3. Nc3 Bb4 4. Qc2 c5 5. dxc5 Bxc5 6. Nf3 Nc6 7. e3 0-0 8. a3 d5 9. b4 Bb6 10. c5 Bc7 11. Bb2 Qe7 12. Be2 Bd7 13. 0-0 Ne5 14. Nxe5 Bxe5 15. f4 Bxc3 16. Qxc3 Rac8 17. Rac1 b6 18. Ba6 Rc7 19. Qd4 bxc5 20. Rxc5 Rxc5 21. bxc5 Bc6 22. Bc3 Rb8 23. Bb4 Qd7 24. Qe5 Rd8 25. Ba5 Ng4 26. Qd4 Rb8 27. Bb4 1/2-1/2

[Event "Mittelrhein Verbandsliga-O 16/17"]
[Site "Nordrheinwestfalen"]
[Date "2016.10.02"]
[Round "2"]
[White "Brueckmann, Ruediger"]
[Black "Krug, Wolfgang"]
[Result "1/2-1/2"]
[WhiteElo "1734"]
[BlackElo "1642"]
[PlyCount "48"]
[EventDate "2016.09.11"]
[EventType "team-tourn"]
[EventRounds "11"]
[EventCountry "GER"]
[SourceTitle "EXT 2022"]
[Source "ChessBase"]
[SourceDate "2021.10.06"]
[SourceVersion "1"]
[SourceVersionDate "2021.10.06"]
[SourceQuality "1"]
[WhiteTeam "Siebengebirge"]
[BlackTeam "Bergische SF II"]
[WhiteTeamCountry "GER"]
[BlackTeamCountry "GER"]

1. e4 c5 2. Nf3 d6 3. Bb5+ Bd7 4. Bxd7+ Nxd7 5. d4 cxd4 6. Nxd4 Ngf6 7. Nc3 e6 8. 0-0 Be7 9. Be3 Nc5 10. f3 a6 11. Qe2 Rc8 12. Rfd1 Qc7 13. Qf2 0-0 14. Kh1 Rfd8 15. Rd2 d5 16. exd5 Nxd5 17. Nxd5 Rxd5 18. Rad1 Rcd8 19. c3 g6 20. Nb3 Rxd2 21. Rxd2 Nxb3 22. axb3 Rxd2 23. Qxd2 Qa5 24. g3 Qb5 1/2-1/2

[Event "Mittelrhein Verbandsliga-O 16/17"]
[Site "Nordrheinwestfalen"]
[Date "2016.09.11"]
[Round "1"]
[White "Krug, Wolfgang"]
[Black "Hack, Thomas1111"]
[Result "1/2-1/2"]
[WhiteElo "1642"]
[BlackElo "1954"]
[PlyCount "31"]
[EventDate "2016.09.11"]
[EventType "team-tourn"]
[EventRounds "11"]
[EventCountry "GER"]
[SourceTitle "EXT 2022"]
[Source "ChessBase"]
[SourceDate "2021.10.06"]
[SourceVersion "1"]
[SourceVersionDate "2021.10.06"]
[SourceQuality "1"]
[WhiteTeam "Bergische SF II"]
[BlackTeam "Euskirchen Turm"]
[WhiteTeamCountry "GER"]
[BlackTeamCountry "GER"]

1. c4 e5 2. Nc3 Bc5 3. e3 d6 4. a3 a5 5. d4 Ba7 6. dxe5 dxe5 7. Qxd8+ Kxd8 8. Bd2 c6 9. Ne4 b6 10. c5 Be6 11. cxb6 Bxb6 12. Ng5 Bb3 13. Rc1 f6 14. Ne4 Bd5 15. Nc3 Bb3 16. Ne4 1/2-1/2